[Event "Chigorin mem"]
[Site "St Petersburg"]
[Date "1999.11.02"]
[Round "1"]
[White "Malakhatko, Vadim"]
[Black "Babaev, Rashad"]
[Result "1/2-1/2"]
[WhiteElo "2537"]
[BlackElo "2353"]

1.Nf3 Nf6 2.c4 g6 3.Nc3 Bg7 4.e4 d6 5.d4 O-O 6.Be2 e5 7.O-O Nh5 8.Re1 Nf4
9.Bf1 Bg4 10.d5 f5 11.h3 Bh5 12.exf5 gxf5 13.Bxf4 exf4 14.Be2 Bxf3 15.Bxf3 Bxc3
16.bxc3 Nd7 17.Qd4 Qg5 18.Rab1 b6 19.Re6 Nc5 20.Re2 Rae8 21.Rbe1 Rxe2 22.Rxe2 Nd7
23.Kh2 h6 24.Re6 Ne5 25.Rxe5 dxe5 26.Qxe5 Qd8 27.c5 bxc5 28.Qe6+ Kg7 29.Qa6 Qb8
30.Qa4 Qb6 31.Kg1 Qb1+ 32.Kh2 Qb6 33.Kg1 Rf7 34.Qxf4 Qd6 35.Qc4 Re7 36.g3 Re1+
37.Kg2 Re7 38.h4 Re1  1/2-1/2

[Event "Chigorin mem"]
[Site "St Petersburg"]
[Date "1999.11.02"]
[Round "1"]
[White "Khmelnitski, Alexander"]
[Black "Chehlov, Aleksander"]
[Result "1-0"]
[WhiteElo "2444"]
[BlackElo "2267"]

1.d4 Nf6 2.c4 g6 3.Nc3 Bg7 4.e4 d6 5.Nf3 O-O 6.Be2 e5 7.O-O c6 8.Re1 exd4
9.Nxd4 Re8 10.Bf1 Ng4 11.h3 Qb6 12.hxg4 Qxd4 13.g5 Qe5 14.Be3 Nd7 15.Qd2 Qe7
16.Rad1 Nc5 17.f3 Be5 18.b4 Nd7 19.f4 Bg7 20.Bd4 Bf8 21.Qf2 a5 22.b5 f6 23.c5 dxc5
24.Bc4+ Kh8 25.Bxf6+ Nxf6 26.gxf6 Qxf6 27.e5 Qg7 28.bxc6 bxc6 29.Ne4 Bg4
30.Ng5 h6 31.Nf7+ Kh7 32.Rd2 Ra7 33.Nd6 Bxd6 34.Rxd6 Rd7 35.Rxc6 Rd4 36.Rxc5 Red8
37.e6 Qe7 38.Rc8 R8d6 39.Bb3 h5 40.Qe3 Rd8 41.Rec1 Rxc8 42.Rxc8 Qa7 43.Kh2 Rd7
44.Qe5 Rg7 45.Re8 Qf2 46.Qg5 a4 47.Rh8+  1-0

[Event "Chigorin mem"]
[Site "St Petersburg"]
[Date "1999.11.03"]
[Round "2"]
[White "Lugovoi, Aleksei"]
[Black "Abbasov, Farid"]
[Result "1-0"]
[WhiteElo "2509"]
[BlackElo "2290"]

1.d4 Nf6 2.c4 g6 3.Nc3 Bg7 4.e4 d6 5.Nf3 O-O 6.Be2 e5 7.d5 a5 8.Bg5 h6 9.Bh4 Na6
10.O-O Qe8 11.Ne1 Bd7 12.Nd3 Nh7 13.Kh1 f5 14.exf5 Bxf5 15.f3 g5 16.Be1 Nf6
17.Nf2 Nc5 18.Nb5 Rf7 19.Bc3 Re7 20.Rc1 b6 21.Nd3 Na6 22.a3 Qd7 23.Nf2 Rae8
24.b4 axb4 25.axb4 Rf8 26.Ra1 Nb8 27.Bd3 Bxd3 28.Qxd3 g4 29.Nxg4 Nxg4 30.fxg4 Qxg4
31.Rxf8+ Bxf8 32.h3 Qg5 33.Bd2 Qf6 34.Rf1 e4 35.Qe2 Qg7 36.Bc3 Qg3 37.Bf6 Rf7
38.Qxe4 Nd7 39.Rf3 Qxf3 40.Qxf3 Nxf6 41.Nd4 Nd7 42.Qg4+ Kh8 43.Ne6  1-0

[Event "Chigorin mem"]
[Site "St Petersburg"]
[Date "1999.11.04"]
[Round "3"]
[White "Malakhatko, Vadim"]
[Black "Kryschilovskij, Andrej"]
[Result "1-0"]
[WhiteElo "2537"]
[BlackElo "2343"]

1.Nf3 Nf6 2.c4 g6 3.Nc3 Bg7 4.e4 d6 5.d4 O-O 6.Be2 e5 7.O-O Na6 8.Re1 c6
9.Bf1 Bg4 10.d5 Nb4 11.Be2 a5 12.h3 Bd7 13.Rb1 c5 14.Bd2 Ne8 15.a3 Na6 16.Rf1 Rb8
17.Ne1 Nac7 18.b4 axb4 19.axb4 cxb4 20.Rxb4 Na6 21.Rb2 Nc5 22.Nd3 b6 23.Qb1 f5
24.Nb4 Nf6 25.Bg5 Qc7 26.Bxf6 Bxf6 27.Bf3 b5 28.Nc6 Bxc6 29.dxc6 fxe4 30.Nxe4 Nxe4
31.Qxe4 bxc4 32.Qxc4+ Kh8 33.Rfb1 e4 34.Rxb8  1-0

[Event "Chigorin mem"]
[Site "St Petersburg"]
[Date "1999.11.04"]
[Round "3"]
[White "Tunik, Gennady"]
[Black "Nikolaev, Nikita"]
[Result "0-1"]
[WhiteElo "2447"]
[BlackElo "2308"]

1.d4 Nf6 2.c4 g6 3.Nc3 Bg7 4.e4 d6 5.Nf3 O-O 6.Be2 e5 7.O-O Na6 8.Re1 Qe8
9.Bf1 Bg4 10.d5 Nb4 11.Be2 a5 12.Be3 Na6 13.h3 Bd7 14.Nd2 Kh8 15.Nf1 Ng8
16.Qd2 f5 17.exf5 gxf5 18.f4 Qg6 19.Nh2 Rae8 20.Kh1 Nf6 21.Rg1 Nc5 22.Bf3 exf4
23.Bxf4 Nfe4 24.Nxe4 fxe4 25.Bg4 e3 26.Bxe3 Ne4 27.Qe1 h5 28.Bxd7 Ng3+ 29.Qxg3 Qxg3
30.Bxe8 Be5  0-1

[Event "Wch U18 Girls"]
[Site "Oropesa del Mar"]
[Date "1999.11.05"]
[Round "11"]
[White "Klipper, Rebecca"]
[Black "Bekker Jensen, Anne"]
[Result "1/2-1/2"]
[WhiteElo "2015"]
[BlackElo "2074"]

1.d4 Nf6 2.Nf3 g6 3.c4 Bg7 4.Nc3 O-O 5.e4 d6 6.Be2 Na6 7.O-O e5 8.dxe5 dxe5
9.Be3 c6 10.a3 Ng4 11.Bg5 Qc7 12.h3 Nf6 13.Be3 Nd7 14.Qd2 Nac5 15.Rad1 f5
16.exf5 gxf5 17.b4 Ne6 18.Ng5 Nxg5 19.Bxg5 Nf6 20.Bh6 Bxh6 21.Qxh6 Qg7 22.Qxg7+ Kxg7
23.b5 Bd7 24.Na4 b6 25.Rd6 cxb5 26.cxb5 Rac8 27.Rfd1 Rc7 28.Nb2 Rc2 29.R6d2 Rxd2
30.Rxd2 Be6 31.Bc4 Kf7 32.Bxe6+ Kxe6 33.Rc2 Rd8 34.Kf1 Rd5 35.a4 Kd7 36.Ke2 Ne4
37.Nd3 h6 38.Rc4 Nd6 39.Rh4 Ne4 40.f3 Ng3+ 41.Kf2 f4 42.Nxf4 exf4 43.Rxf4 Nf5
44.g4 Nd6 45.Ke3 Ke7 46.h4 Nb7 47.Re4+ Kd6 48.Rf4 Re5+ 49.Kd4 Nc5 50.Rf6+ Re6
51.Rf7 Nd7 52.Rh7 Ne5 53.Rxa7 Nxf3+ 54.Kc4 Ne5+ 55.Kd4 Nf3+ 56.Kc4 Nxh4 57.Ra6 Kc7
58.a5 Rg6 59.Rxb6 Rxb6 60.axb6+ Kxb6 61.Kd5 Kxb5 62.Ke5 Nf3+ 63.Kf6 Nh2 64.Kg6 Nxg4
65.Kh5  1/2-1/2

[Event "Chigorin mem"]
[Site "St Petersburg"]
[Date "1999.11.05"]
[Round "4"]
[White "Feoktistov, Alexey A"]
[Black "Dashko, Andrey"]
[Result "1/2-1/2"]
[WhiteElo "2359"]
[BlackElo "2266"]

1.d4 Nf6 2.c4 g6 3.Nc3 Bg7 4.e4 d6 5.Be2 O-O 6.Nf3 e5 7.O-O exd4 8.Nxd4 Re8
9.f3 Nc6 10.Nc2 a5 11.Bg5 h6 12.Be3 Nb4 13.a3 Nxc2 14.Qxc2 Kh7 15.Rfd1 Bd7
16.Rac1 Nh5 17.Nd5 Rc8 18.g3 f5 19.Bd3 Nf6 20.Bf2 fxe4 21.Nxf6+ Qxf6 22.Bxe4 Bc6
23.Bd4 Bxe4 24.fxe4 Qf3 25.Bxg7 Kxg7 26.c5 b6 27.cxd6 cxd6 28.Qf2 Qxf2+ 29.Kxf2 Rxc1
30.Rxc1 Rxe4 31.Rc6 b5 32.Rxd6 b4 33.a4 b3 34.Rb6 Rxa4 35.Ke3 h5 36.Kd3 h4
37.Rxb3 hxg3 38.hxg3 Rg4 39.Ke2 a4 40.Rb7+ Kh6 41.Kf3 Rc4  1/2-1/2

[Event "Chigorin mem"]
[Site "St Petersburg"]
[Date "1999.11.05"]
[Round "4"]
[White "Doroshkievich, Vladimir K"]
[Black "Abbasov, Farid"]
[Result "1/2-1/2"]
[WhiteElo "2400"]
[BlackElo "2290"]

1.d4 Nf6 2.c4 g6 3.Nc3 Bg7 4.e4 d6 5.Nf3 O-O 6.Be2 e5 7.d5 a5 8.Be3 Ng4 9.Bg5 f6
10.Bd2 h5 11.h3 Nh6 12.g4 hxg4 13.hxg4 g5 14.Nh2 Kf7 15.Nf1 Na6 16.Ng3 Bd7
17.Be3 Rh8 18.f3 Rh7 19.Qd2 Qe7 20.O-O-O Rah8 21.Kb1 Qd8 22.Rc1 Ng8 23.Rxh7 Rxh7
24.Nh5 Ne7 25.Bd1 Ng6 26.Ba4 Bc8 27.Ne2 Nh4 28.Ng1 Bf8 29.Qxa5 Nc5 30.Bd1 Ng2
31.Qd2 Nf4 32.Ng3 Bd7 33.Bc2 b5 34.b4 Na6 35.Bb3 bxc4 36.Bxc4 Qc8 37.Ka1 Kg6
38.N1e2 Qb7 39.Rb1 Bb5 40.Bxb5 Qxb5 41.Bxf4 gxf4 42.Nh5 Bh6 43.Rb3 Rh8 44.Nc3 Qb7
45.Nb1 Bg5 46.a3 Rb8 47.Rb2 Qa7 48.Qf2 Qa8 49.Ra2 Qb7 50.Qc2 Qb6 51.Rb2 Bh4
52.Qc6 Qb5 53.Qxb5 Rxb5 54.Rc2 Rb7 55.Ka2 Be1 56.Re2 Bxb4 57.axb4 Nxb4+ 58.Ka3 Nxd5
59.Rb2 Ra7+ 60.Kb3 Rb7+ 61.Ka3 Ra7+ 62.Kb3 Rb7+ 63.Ka3  1/2-1/2

[Event "Chigorin mem"]
[Site "St Petersburg"]
[Date "1999.11.05"]
[Round "4"]
[White "Volkov, Sergey"]
[Black "Solovjov, Sergey"]
[Result "1-0"]
[WhiteElo "2575"]
[BlackElo "2467"]

1.d4 Nf6 2.c4 g6 3.Nc3 Bg7 4.e4 d6 5.Be2 O-O 6.Nf3 e5 7.Be3 Ng4 8.Bg5 f6
9.Bh4 Nc6 10.d5 Ne7 11.Nd2 h5 12.b4 Bd7 13.c5 a5 14.cxd6 cxd6 15.b5 g5 16.Bg3 Qc8
17.Rc1 h4 18.Na4 hxg3 19.hxg3 Nxf2 20.Rxc8 Nxd1 21.Rc7 Nc3 22.Nxc3 Rfd8 23.Nc4 Rac8
24.Rxb7 f5 25.O-O fxe4 26.Nxe4 Nxd5 27.Nexd6 Nc3 28.Bh5 Rb8 29.b6 Rxb7 30.Nxb7 Rb8
31.Nbxa5 e4 32.b7 e3 33.Re1 Bd4 34.Kh2 Kg7 35.Nxe3 Rh8 36.g4 Ne4 37.Rd1 Bxe3
38.Rxd7+ Kf6 39.Rf7+ Ke6 40.Nc6  1-0

[Event "Chigorin mem"]
[Site "St Petersburg"]
[Date "1999.11.05"]
[Round "4"]
[White "Lastin, Alexander"]
[Black "Kovalevskaya, Ekaterina"]
[Result "1-0"]
[WhiteElo "2552"]
[BlackElo "2497"]

1.d4 Nf6 2.Nf3 g6 3.c4 Bg7 4.Nc3 O-O 5.e4 d6 6.Be2 e5 7.O-O Nbd7 8.Be3 c6
9.d5 c5 10.Rb1 Ne8 11.b4 cxb4 12.Rxb4 Nc5 13.Nd2 f5 14.f3 Bf6 15.Nb3 Na6
16.Ra4 b6 17.Qc1 Nc5 18.Nxc5 bxc5 19.Ra3 Rf7 20.Rb3 f4 21.Bd2 h5 22.Qa3 g5
23.Rfb1 g4 24.Rb8 Rxb8 25.Rxb8 Qc7 26.Qb3 Kf8 27.Ra8 a6 28.Qb8 Qxb8 29.Rxb8 gxf3
30.Bxf3 Bg4 31.a4 Rg7 32.Kf1 h4 33.Bxg4 Rxg4 34.Nb5 axb5 35.cxb5 h3 36.gxh3 Rh4
37.Kg2 f3+ 38.Kxf3 Rxh3+ 39.Kg4 Rh4+ 40.Kf5 Rh5+ 41.Ke6 Rxh2 42.b6 Rxd2 43.a5 c4
44.b7 Rb2 45.a6 c3 46.a7  1-0

[Event "Chigorin mem"]
[Site "St Petersburg"]
[Date "1999.11.06"]
[Round "5"]
[White "Kruppa, Yuri"]
[Black "Shchekachev, Andrei"]
[Result "1/2-1/2"]
[WhiteElo "2603"]
[BlackElo "2505"]

1.d4 Nf6 2.c4 g6 3.Nc3 Bg7 4.e4 d6 5.Nf3 O-O 6.Be2 e5 7.Be3 Ng4 8.Bg5 f6
9.Bc1 Nc6 10.d5 Ne7 11.h3 Nh6 12.h4 Nf7 13.h5 f5 14.hxg6 Nxg6 15.Qc2 f4 16.Bd2 Ng5
17.Nxg5 Qxg5 18.g3 Qe7 19.O-O-O a6 20.Rh2 fxg3 21.fxg3 Bf6 22.Rh5 Bd7 23.Rdh1 Rf7
24.Qb3 b6 25.Nd1 Nf8 26.Kb1 Rg7 27.Bh6 Rg6 28.Bd2 Bg5 29.Be1 Qg7 30.Qf3 Re8
31.Bf1  1/2-1/2

[Event "Chigorin mem"]
[Site "St Petersburg"]
[Date "1999.11.07"]
[Round "6"]
[White "Neverov, Valeriy"]
[Black "Chuprov, Dmitry"]
[Result "1-0"]
[WhiteElo "2549"]
[BlackElo "2411"]

1.d4 d6 2.Nf3 Nd7 3.e4 e5 4.c4 g6 5.Nc3 Bg7 6.Be2 Ngf6 7.O-O O-O 8.Qc2 exd4
9.Nxd4 Re8 10.Rd1 c6 11.Bg5 Qe7 12.f3 h6 13.Bh4 Nb6 14.Kh1 Bd7 15.Bf1 Qf8
16.a4 Rad8 17.a5 Nc8 18.Qb3 c5 19.Ndb5 g5 20.Be1 Bc6 21.Nd5 Bxd5 22.cxd5 a6
23.Na3 Rd7 24.Nc4 Nh5 25.Ne3 Ne7 26.g3 Bd4 27.Bh3 Rdd8 28.Ra4 Ng7 29.Raxd4 cxd4
30.Ng4 f5 31.Nxh6+ Kh7 32.Nxf5 Nexf5 33.exf5 Re7 34.Bf2 Kg8 35.Qd3 Nh5 36.Bxd4 Qh6
37.Rg1 Nf6 38.Bc3 Kf7 39.Bg2 Rde8 40.Bf1 Re3 41.Qd1 Qh7 42.g4 Qh4 43.Qd4 Qh6
44.Qd1 Qh4 45.Bd2 R3e7 46.Rg3 Qh6 47.Rh3 Qg7 48.Bc3 Rh8 49.Rxh8 Qxh8 50.Qd4 Qh6
51.Qb4 Ne8 52.Kg2 Kf8 53.h3 Rh7 54.Kh2 Re7 55.Qd4 Kf7 56.Qf2 Nf6 57.Bd3 Nd7
58.Kg2 Nc5 59.Bc2 Qf8 60.b4 Qe8 61.Qd4 Re2+ 62.Kg3 Qe5+ 63.Qxe5 dxe5 64.bxc5 Rxc2
65.Bxe5 Rxc5 66.h4 Rxd5 67.Bc7 Rc5 68.Bb6 gxh4+ 69.Kxh4 Rb5 70.Kh5 Kg7 71.Bd4+ Kh7
72.f4 Rxa5 73.Be5 b5 74.g5 b4 75.g6+ Kg8 76.f6 b3 77.Kh6 Rxe5 78.fxe5 b2
79.e6  1-0

[Event "ESP-chT Div 1"]
[Site "Cala Galdana"]
[Date "1999.11.08"]
[Round "1"]
[White "Giorgadze, Giorgi"]
[Black "Comas Fabrego, Luis"]
[Result "1/2-1/2"]
[WhiteElo "2602"]
[BlackElo "2510"]

1.d4 Nf6 2.c4 g6 3.Nc3 Bg7 4.e4 d6 5.Nf3 O-O 6.Be2 e5 7.Be3 Na6 8.O-O Ng4
9.Bg5 Qe8 10.dxe5 dxe5 11.h3 h6 12.Bd2 Nf6 13.Be3 Qe7 14.Qc1 Kh7 15.Nd5 Qe6
16.Nd2 c6 17.Nxf6+ Qxf6 18.c5 Nc7 19.Nc4 Ne6 20.Rd1 Qh4 21.Nd6 Nd4 22.Bf1 f5
23.exf5 Bxf5 24.Nxf5 Rxf5 25.Rd2 Rd8 26.Qc4 h5 27.Re1 Bh6 28.Qc1 Bxe3 29.Rxe3 Qg5
30.Kh1 Rdf8 31.Qe1 Qf6 32.Bd3 Rxf2 33.Rxf2 Qxf2 34.Rxe5 Qxe1+ 35.Rxe1 Rf7
36.Kg1 Kg7 37.Re4 Rd7 38.Bc4 Nf5 39.Re2 Ng3 40.Rc2 h4 41.b4 Kf6 42.Kf2 Ke5
43.b5 Rd4 44.bxc6 bxc6 45.Bb3 a5 46.Bc4 g5 47.Ke1 Rf4 48.Ba6 Kd5 49.Bd3 Kd4
50.Ba6 Rf8 51.Rc4+ Kd5 52.Ra4 Ne4 53.Bd3 Nxc5 54.Rxa5 Kd4 55.Be2  1/2-1/2

[Event "ESP-chT Div 1"]
[Site "Cala Galdana"]
[Date "1999.11.09"]
[Round "2"]
[White "Topalov, Veselin"]
[Black "Hernandez, Gilberto"]
[Result "1/2-1/2"]
[WhiteElo "2690"]
[BlackElo "2568"]

1.Nf3 Nf6 2.c4 g6 3.Nc3 Bg7 4.e4 d6 5.d4 O-O 6.Be2 e5 7.O-O exd4 8.Nxd4 Re8
9.f3 Nc6 10.Be3 Nh5 11.Qd2 Nf4 12.Rfd1 Nxd4 13.Bxd4 Nxe2+ 14.Qxe2 Bxd4+ 15.Rxd4 Qf6
16.Qd2 Be6 17.Rc1 Rac8 18.Nd5 Qg7 19.c5 dxc5 20.Rxc5 c6 21.Nf4 Qf6 22.Nxe6 Qxe6
23.Ra5 a6 24.Ra3 Re7 25.Rd6 Qe5 26.Rad3 Rce8 27.R3d4 a5 28.a3 Qb5 29.Rd7 Rxd7
30.Rxd7 Qc5+ 31.Kh1 b5 32.h3 a4 33.Qf4 Re7 34.Rd6 Re6 35.Rd7 Re7 36.Rd8+ Kg7
37.Qb8 Qc1+ 38.Kh2 Qxb2 39.Rg8+ Kf6 40.Qd6+ Re6 41.Qf4+ Ke7 42.Qc7+ Kf6 43.Qd8+ Re7
44.f4 Qf2 45.Qd6+ Re6 46.Qd8+  1/2-1/2

[Event "ESP-chT Div 1"]
[Site "Cala Galdana"]
[Date "1999.11.10"]
[Round "3"]
[White "San Segundo, Pablo"]
[Black "Moya Soriano, Miguel"]
[Result "1-0"]
[WhiteElo "2510"]
[BlackElo "2275"]

1.d4 Nf6 2.c4 g6 3.Nc3 Bg7 4.e4 d6 5.Nf3 O-O 6.Be2 e5 7.Be3 Nbd7 8.O-O a5
9.Qc2 exd4 10.Nxd4 Nc5 11.Rad1 Re8 12.f3 Nh5 13.Ndb5 Ne6 14.f4 Bh6 15.Bxh5 gxh5
16.c5 Bd7 17.cxd6 c6 18.Nc7 Nxc7 19.dxc7 Qxc7 20.Nd5 Qd8  1-0

[Event "Chigorin mem"]
[Site "St Petersburg"]
[Date "1999.11.10"]
[Round "9"]
[White "Khmelnitski, Alexander"]
[Black "Babaev, Rashad"]
[Result "1-0"]
[WhiteElo "2444"]
[BlackElo "2353"]

1.d4 Nf6 2.c4 g6 3.Nc3 Bg7 4.e4 d6 5.Nf3 O-O 6.Be2 e5 7.Be3 Ng4 8.Bg5 f6
9.Bh4 Nc6 10.dxe5 dxe5 11.Qxd8 Nxd8 12.Nd2 c6 13.Nb3 Nh6 14.f3 Ne6 15.Bf2 Rd8
16.Rd1 Rxd1+ 17.Kxd1 f5 18.Kc1 Nd4 19.Rd1 fxe4 20.Nxd4 exd4 21.Nxe4 Be6 22.Bxd4 Bxd4
23.Rxd4 Nf5 24.Rd2 Ne3 25.Nc5 Bxc4 26.Bxc4+ Nxc4 27.Rd7 Ne3 28.Rxb7 Rf8 29.Rxa7 Nxg2
30.a4 Rxf3 31.a5  1-0

[Event "SLO-chT"]
[Site "Bled"]
[Date "1999.11.12"]
[Round "5"]
[White "Osterman, Rudolf"]
[Black "Mohr, Georg"]
[Result "1/2-1/2"]
[WhiteElo "2371"]
[BlackElo "2483"]

1.d4 Nf6 2.Nf3 g6 3.c4 Bg7 4.Nc3 O-O 5.e4 d6 6.Be2 e5 7.O-O Na6 8.Be3 Ng4
9.Bg5 f6 10.Bh4 Nh6 11.dxe5 dxe5 12.a3 c6 13.Qc2 Qe7 14.b4 Nf7 15.Nd2 Nc7
16.Nb3 Ne6 17.Rad1 h5 18.f3 Bh6 19.Bf2 Kg7 20.c5 Nf4  1/2-1/2

[Event "ch-ESP (team) Div 2"]
[Site "Cala Galdana ESP"]
[Date "1999.11.12"]
[Round "5"]
[White "Gavin Roche,E"]
[Black "Visier Segovia,F"]
[Result "1-0"]
[WhiteElo "2198"]
[BlackElo "2265"]

1.d4 Nf6 2.c4 g6 3.Nc3 Bg7 4.e4 d6 5.Be2 O-O 6.Nf3 e5 7.d5 Nh5 8.g3 Nd7 9.Bg5 Ndf6
10.Nd2 h6 11.Be3 c5 12.h3 a6 13.Kf1 Bd7 14.Kg2 Qe8 15.a3 Nh7 16.Bxh5 gxh5
17.Qxh5 f5 18.Qxe8 Rfxe8 19.exf5 Bxf5 20.Nce4 Bf8 21.b4 b6 22.Rab1 Ra7 23.bxc5 bxc5
24.Rb6 Rd8 25.Rhb1  1-0

[Event "SLO-chT"]
[Site "Bled"]
[Date "1999.11.13"]
[Round "6"]
[White "Sitnik, Igor"]
[Black "Ankerst, Mihael"]
[Result "1-0"]
[WhiteElo "2332"]
[BlackElo "2375"]

1.d4 Nf6 2.c4 g6 3.Nc3 Bg7 4.e4 d6 5.Nf3 O-O 6.Be2 e5 7.O-O Na6 8.Be3 Ng4
9.Bg5 Qe8 10.dxe5 dxe5 11.h3 h6 12.Bd2 Nf6 13.Be3 Qe7 14.Nd5 Qd8 15.Nxf6+ Qxf6
16.a3 Qe7 17.b4 f5 18.c5 f4 19.Bc1 Nb8 20.Bb2 Nc6 21.Qb3+ Kh7 22.Rfd1 a6
23.a4 a5 24.b5 Nb4 25.Qc3 b6 26.c6 h5 27.h4 Bg4 28.Ng5+ Kh6 29.Bxg4 hxg4
30.Rd7 Qe8 31.Rad1 g3 32.Rxg7 gxf2+ 33.Kxf2 Kxg7 34.Rd7+ Qxd7 35.cxd7 Kh6
36.Nf3  1-0

[Event "ch-ESP (team) Div 2"]
[Site "Cala Galdana ESP"]
[Date "1999.11.13"]
[Round "6"]
[White "Tejero Garces,J"]
[Black "Martinez Penalver,J"]
[Result "0-1"]
[WhiteElo "2327"]
[BlackElo "2199"]

1.d4 Nf6 2.c4 g6 3.Nc3 Bg7 4.e4 d6 5.Be2 O-O 6.Nf3 e5 7.d5 a5 8.Bg5 h6 9.Bh4 Na6
10.Nd2 Qe8 11.f3 Nh7 12.a3 Bd7 13.O-O h5 14.Rb1 a4 15.Bf2 Bh6 16.b4 axb3
17.Rxb3 b6 18.Nb5 f5 19.Qc2 f4 20.a4 Qe7 21.Ra1 g5 22.a5 bxa5 23.Rxa5 Nb4
24.Rxb4 Rxa5 25.Nxc7 Ra1+ 26.Bf1 g4 27.c5 Rc8 28.Qb2 Ra4 29.cxd6 Rxb4 30.Qxb4 Qg5
31.Ne6 Qf6 32.Bc4 g3 33.Be1 Nf8 34.Qb7 Qf7 35.h3 Bxe6 36.d7 Qxd7  0-1

[Event "ch-ESP (team) Div 2"]
[Site "Cala Galdana ESP"]
[Date "1999.11.13"]
[Round "6"]
[White "Sanchez Repullo,D"]
[Black "Colls Gelaberto,E"]
[Result "1-0"]
[WhiteElo "2236"]
[BlackElo "2220"]

1.d4 Nf6 2.Nf3 g6 3.c4 Bg7 4.Nc3 O-O 5.e4 d6 6.Be2 e5 7.d5 a5 8.Bg5 h6 9.Bh4 Na6
10.Nd2 Qe8 11.O-O Bd7 12.Rb1 Nh7 13.b3 h5 14.f3 Nc5 15.a3 Bh6 16.b4 axb4
17.axb4 Na4 18.Nxa4 Bxa4 19.Nb3 f5 20.exf5 gxf5 21.g3 Be3+ 22.Kh1 f4 23.Qc2 Qf7
24.Bd3 Bd7 25.gxf4 Bh3 26.Bg6 Qd7 27.fxe5 dxe5 28.Rg1 Bxg1 29.Rxg1 Kh8 30.Qe4 Rae8
31.Nc5 Bf5 32.Nxd7 Bxe4 33.fxe4  1-0

[Event "ESP-chT Div 1"]
[Site "Cala Galdana"]
[Date "1999.11.13"]
[Round "6"]
[White "Giorgadze, Giorgi"]
[Black "Mowsziszian, Karen"]
[Result "1/2-1/2"]
[WhiteElo "2602"]
[BlackElo "2501"]

1.d4 g6 2.e4 d6 3.c4 Bg7 4.Nc3 Nf6 5.Nf3 O-O 6.Be2 Na6 7.O-O e5 8.Be3 Ng4
9.Bg5 Qe8 10.dxe5 dxe5 11.h3 h6 12.Bd2 Nf6 13.Be3 Qe7 14.a3 c6 15.b4 Nh5
16.Re1 Nf4 17.Bf1 Qf6 18.Ra2 Nc7 19.Rd2 Re8 20.Rd6 Nfe6 21.Qc1 g5 22.Red1 Bf8
23.c5 Qg7 24.Ne2 Nf4 25.Ng3 Be6 26.R6d2 g4 27.Nh4 gxh3 28.Ngf5 Bxf5 29.Nxf5 Qg6
30.g3 Nce6 31.f3 Ng5 32.Rf2 Rad8 33.Rxd8 Rxd8 34.Bxf4 exf4 35.Qxf4 b6 36.cxb6 axb6
37.Kh2 Ra8 38.Qe3 c5 39.Qb3 cxb4 40.axb4 b5 41.Qe3  1/2-1/2

[Event "SLO-chT"]
[Site "Bled"]
[Date "1999.11.14"]
[Round "7"]
[White "Polajzer, Danilo"]
[Black "Tratar, Marko"]
[Result "0-1"]
[WhiteElo "2399"]
[BlackElo "2442"]

1.Nf3 Nf6 2.c4 g6 3.Nc3 Bg7 4.e4 d6 5.d4 O-O 6.Be2 Nbd7 7.O-O e5 8.Qc2 c6
9.Rd1 Qe7 10.Rb1 Re8 11.dxe5 dxe5 12.b4 Nf8 13.h3 Nh5 14.Be3 Ne6 15.c5 Qf6
16.Rd6 Bf8 17.Rbd1 Bxd6 18.Rxd6 Nhf4 19.h4 Nxe2+ 20.Qxe2 Qg7 21.Qd2 f6 22.b5 Qc7
23.a4 Rd8 24.Nh2 Rxd6 25.cxd6 Qd8 26.Ng4 Nd4 27.Bxd4 exd4 28.Nh6+ Kg7 29.Ne2 c5
30.Qf4 Qe8 31.Ng4 Bxg4 32.Qxg4 Rd8 33.Nf4 Rxd6  0-1

[Event "ch-ESP (team) Div 2"]
[Site "Cala Galdana ESP"]
[Date "1999.11.14"]
[Round "7"]
[White "Munoz Agullo,F"]
[Black "Llobel Cortell,E"]
[Result "0-1"]
[WhiteElo "2297"]
[BlackElo "2198"]

1.d4 Nf6 2.Nf3 g6 3.c4 Bg7 4.Nc3 O-O 5.e4 d6 6.Be2 Na6 7.O-O e5 8.Re1 c6
9.h3 exd4 10.Nxd4 Re8 11.Bf3 Nc5 12.Bf4 Ne6 13.Nxe6 Bxe6 14.Qd3 Nd7 15.Qxd6 Bxc4
16.Rad1 Be6 17.Qb4 Qb6 18.Qa3 Ne5 19.Be2 Nc4 20.Bxc4 Bxc4 21.Na4 Qa5 22.b3 Bb5
23.Qc5 Bf8 24.Qc2 Bxa4 25.bxa4 Rad8 26.f3 Bb4 27.Rf1 Qc5+ 28.Qxc5 Bxc5+ 29.Kh1 Bb6
30.Bg5 Rd4 31.Rxd4 Bxd4 32.Rd1 c5 33.Kh2 Re6 34.Rb1 Rb6 35.Rxb6 axb6 36.Bc1 Kf8
37.Kg3 Ke7 38.f4 Ke6 39.Kf3 Kd6 40.g4 Ke6 41.f5+ Kd6 42.Bh6 c4 43.Bf8+ Kc6
44.Ke2 Be5 45.Kd2 b5 46.axb5+ Kxb5 47.Kc2 Ka4 48.Be7 b5 49.g5 b4 50.Bf6 Bf4
51.Kb2 Kb5 52.Be7 Be5+ 53.Kc2 Bg3 54.Bf8 Be1 55.Kd1 Bc3 56.Kc2 Be1 57.Kd1 b3
58.Bg7 Bh4 59.axb3 cxb3 60.Ke2 Kc4 61.Bf6 Bxg5 62.Bb2 Be7 63.fxg6 hxg6  0-1

[Event "ch-ESP (team) Div 2"]
[Site "Cala Galdana ESP"]
[Date "1999.11.15"]
[Round "8"]
[White "Perez Rosales,P"]
[Black "Serra Pages,J"]
[Result "0-1"]
[WhiteElo "2166"]
[BlackElo "2155"]

1.Nf3 Nf6 2.c4 g6 3.Nc3 Bg7 4.d4 O-O 5.e4 d6 6.Be2 e5 7.dxe5 dxe5 8.Qxd8 Rxd8
9.Nd5 Nxd5 10.cxd5 c6 11.Bc4 cxd5 12.Bxd5 Nc6 13.O-O Bd7 14.Bg5 Rdc8 15.b4 Rc7
16.Rfc1 Rac8 17.a3 Bg4 18.Ne1 Nd4 19.Rxc7 Rxc7 20.f3 Bd7 21.Kf2 b6 22.Rc1 Rxc1
23.Bxc1 Kf8 24.f4 Ke8 25.g3 Bb5 26.Nf3 exf4 27.gxf4 Nxf3 28.Kxf3 Bd4 29.e5 f5
30.Kg3 Kf8 31.Bb3 Bc6 32.a4 Bc3 33.b5 Be1+ 34.Kh3 Bf3 35.Ba3+ Ke8 36.Bg8 h6
37.e6 g5 38.Bf7+ Kd8  0-1

[Event "V Open"]
[Site "Lisbon POR"]
[Date "1999.11.15"]
[Round "3"]
[White "Ubilava,E"]
[Black "Andrade,Le"]
[Result "1-0"]
[WhiteElo "2556"]
[BlackElo "2183"]

1.Nf3 Nf6 2.c4 g6 3.Nc3 Bg7 4.e4 d6 5.d4 O-O 6.Be2 e5 7.Be3 Ng4 8.Bg5 f6
9.Bh4 Nc6 10.d5 Ne7 11.O-O g5 12.Bg3 Nh6 13.Ne1 f5 14.exf5 Nhxf5 15.Bd3 Ng6
16.Be4 Nf4 17.Nc2 Qf6 18.a4 a6 19.Ra3 Bd7 20.f3 Kh8 21.Bf2 Rae8 22.Ne2 Rg8
23.a5 Bf8 24.Ne3 Re7 25.Nxf5 Bxf5 26.Bxf5 Qxf5 27.Ng3 Qc8 28.Ne4 Rf7 29.Be3 Bh6
30.g3 Qh3 31.Bxf4 gxf4 32.g4 Bf8 33.Rf2 h5 34.Rg2 hxg4 35.Nf2 Qh5 36.fxg4 Qg6
37.Qe1 e4 38.Rh3+ Bh6 39.Qxe4 Re7 40.Rxh6+ Qxh6 41.Qxe7 f3 42.Rg3 Qc1+ 43.Nd1 Qxd1+
44.Kf2  1-0

[Event "World Seniors"]
[Site "Gladenbach GER"]
[Date "1999.11.16"]
[Round "8"]
[White "Lein,A"]
[Black "Shestoperov,A"]
[Result "1/2-1/2"]
[WhiteElo "2430"]
[BlackElo "2417"]

1.d4 Nf6 2.c4 g6 3.Nc3 Bg7 4.e4 d6 5.Nf3 O-O 6.Be2 e5 7.dxe5 dxe5 8.Qxd8 Rxd8
9.Nd5 Nxd5 10.cxd5 c6 11.Bc4 b5 12.Bb3 Bb7 13.Bg5 Rd7 14.Rc1 cxd5 15.Bxd5 Na6
16.Bxb7 Rxb7 17.Ke2 Nc7 18.Rhd1 Ne6 19.Be3 Re8 20.Rd6 h6 21.Nd2 Nf4+ 22.Bxf4 exf4
23.b3 Be5 24.Rd5 a6 25.Rc6 Ra7 26.Kd3 Kg7 27.Nf3 Bb2 28.Nd4 Rae7 29.f3 Re5
30.Rd7 Bxd4 31.Kxd4 Rg5 32.Rcc7 Rf8 33.Rc2 Rh5 34.h3 Rg5 35.Rd5 Re8 36.h4 Rg3
37.Rd7 g5 38.hxg5 Rxg5 39.Rd6 h5 40.Rd5 Kg6 41.Rc6+ f6 42.Rxg5+ Kxg5 43.Rxa6 Rd8+
44.Kc5 Rd2 45.Ra8 Kh4 46.Rg8 Rxa2 47.Kd5 b4 48.Ke6 Ra5 49.Rg6 f5 50.Rg8 fxe4
51.fxe4 Rg5 52.Rxg5 Kxg5 53.e5 h4 54.Kd6 h3 55.gxh3 f3 56.e6 f2 57.e7 f1=Q
58.e8=Q Qd3+ 59.Kc5  1/2-1/2

[Event "Kuban 99"]
[Site "Krasnodar RUS"]
[Date "1999.11.17"]
[Round "5"]
[White "Fomichenko,E"]
[Black "Nadyrhanov,S"]
[Result "1/2-1/2"]
[WhiteElo "2409"]
[BlackElo "2515"]

1.d4 Nf6 2.Nf3 g6 3.c4 Bg7 4.Nc3 d6 5.e4 O-O 6.Be2 Nbd7 7.O-O e5 8.Rb1 h6
9.b3 Nh7 10.Be3 Ng5 11.dxe5 Nxf3+ 12.Bxf3 dxe5 13.Qd2 h5 14.Rfd1 c6 15.Na4 Qe7
16.Qa5 Kh7 17.Rb2 Bh6 18.Bxh6 Kxh6 19.Rbd2 b6 20.Rxd7 Bxd7 21.Qd2+ Kg7 22.Qxd7 Qxd7
23.Rxd7 Rfd8 24.Rxd8 Rxd8 25.Kf1 Rd2 26.Nc3 Rc2 27.Nd1 Rxa2 28.Ne3 a5 29.Ke1 b5
30.cxb5 cxb5 31.Bd1 a4 32.bxa4 bxa4 33.Nc2 a3 34.Kd2 Rb2 35.Kc1 h4 36.h3 Kf6
37.Nxa3 Rxf2 38.Bf3 Kg5 39.Nc4 Kf4 40.Kd1 f5 41.Ke1 Rc2 42.Nb6 Ke3 43.Nd5+ Kd4
44.Ne7 fxe4 45.Be2 Ke3 46.Nd5+ Kd4 47.Ne7 Ke3  1/2-1/2

[Event "World Seniors"]
[Site "Gladenbach GER"]
[Date "1999.11.18"]
[Round "9"]
[White "Shestoperov,A"]
[Black "Uhlmann,W"]
[Result "1/2-1/2"]
[WhiteElo "2417"]
[BlackElo "2461"]

1.d4 Nf6 2.c4 g6 3.Nc3 Bg7 4.e4 d6 5.Nf3 O-O 6.Be2 e5 7.dxe5 dxe5 8.Qxd8 Rxd8
9.Nd5 Nxd5 10.cxd5 c6 11.Bc4 b5 12.Bb3 Bb7 13.Bg5 Rd7 14.Rc1 cxd5 15.Bxd5 Na6
16.Bxb7 Rxb7 17.Ke2 f5  1/2-1/2

[Event "ch-ARG Najdorf mem"]
[Site "Buenos Aires ARG"]
[Date "1999.11.19"]
[Round "1"]
[White "Slipak,S"]
[Black "Sorin,A"]
[Result "1/2-1/2"]
[WhiteElo "2521"]
[BlackElo "2501"]

1.d4 Nf6 2.Nf3 g6 3.c4 Bg7 4.Nc3 d6 5.e4 O-O 6.Be2 e5 7.O-O Nbd7 8.Qc2 c6
9.d5 c5 10.a3 Nh5 11.g3 Bf6 12.Bh6 Ng7 13.Kg2 Be7 14.h4 Nf6 15.Nh2 Kh8 16.f4 exf4
17.Bxf4 Qd7 18.Kh1 Nfh5 19.Bg4  1/2-1/2

[Event "Den Bosch"]
[Site "Hertogenbosch NED"]
[Date "1999.11.19"]
[Round "2"]
[White "Stone,R"]
[Black "Nijboer,F"]
[Result "0-1"]
[WhiteElo "2340"]
[BlackElo "2559"]

1.d4 Nf6 2.c4 g6 3.Nc3 Bg7 4.e4 d6 5.Be2 O-O 6.Nf3 e5 7.O-O Na6 8.Rb1 exd4
9.Nxd4 Re8 10.f3 c6 11.Bg5 h6 12.Bh4 Nc5 13.Qd2 Nfxe4  0-1